LEADER 01061nam--2200373---450- 001 990003003260203316 005 20071031122355.0 010 $a978-88-317-9299-8 035 $a000300326 035 $aUSA01000300326 035 $a(ALEPH)000300326USA01 035 $a000300326 100 $a20071031h2007----km-y0itay50------ba 101 $aita 102 $aIT 105 $a||||||||001yy 200 1 $aBreve storia del divismo cinematografico$fCristiana Jandelli 210 $aVenezia$cMarsilio$dcopyr. 2007 215 $a206 p.$d18 cm 225 2 $aElementi 410 0$12001$aElementi 606 0 $aArtisti di cinematografo 606 0 $aDivismo 676 $a791.43028 700 1$aJANDELLI,$bCristina$0555444 801 0$aIT$bsalbc$gISBD 912 $a990003003260203316 951 $aXIII.2. 2021$b202658 L.M.$cXIII.2.$d00063919 959 $aBK 969 $aUMA 979 $aPAOLA$b90$c20071031$lUSA01$h1221 979 $aPAOLA$b90$c20071031$lUSA01$h1223 996 $aBreve storia del divismo cinematografico$91024107 997 $aUNISA LEADER 01595oam 2200493 450 001 9910717304303321 005 20210908115156.0 035 $a(CKB)4950000000108318 035 $a(OCoLC)942061251 035 $a(EXLCZ)994950000000108318 100 $a20101011d1977 ua 0 101 0 $aeng 135 $aurbn||||||||| 181 $ctxt$2rdacontent 182 $cc$2rdamedia 183 $acr$2rdacarrier 200 14$aThe CBO multipliers project $ea methodology for analyzing the effects of alternative economic policies 210 1$aWashington, D.C. :$cThe Congress of the United States, Congressional Budget Office,$d1977. 215 $a1 online resource (x, 27 pages) $cillustrations 225 1 $aA CBO technical analysis paper 300 $a"August 1977"--Cover. 517 3 $aCongressional Budget Office multipliers project 606 $aFiscal policy$zUnited States$xMathematical models 606 $aEconomic policy$2fast 606 $aFiscal policy$xMathematical models$2fast 607 $aUnited States$xEconomic policy$y1971-1981 607 $aUnited States$2fast 615 0$aFiscal policy$xMathematical models. 615 7$aEconomic policy. 615 7$aFiscal policy$xMathematical models. 702 $aPlantes$b Mary Kay 702 $aDe Leeuw$b Frank$f1930- 801 0$bCDS 801 1$bCDS 801 2$bOCLCO 801 2$bOCLCF 801 2$bOCLCO 801 2$bOCLCQ 801 2$bOCLCO 801 2$bGPO 906 $aBOOK 912 $a9910717304303321 996 $aThe CBO multipliers project$93521435 997 $aUNINA LEADER 02106oas 2200793 a 450 001 9910763964103321 005 20251028213014.0 011 $a2331-1118 035 $a(DE-599)ZDB2274083-1 035 $a(DE-599)2274083-1 035 $a(OCoLC)155851764 035 $a(CONSER) 2007247761 035 $a(CKB)954927696970 035 $a(EXLCZ)99954927696970 100 $a20070716b19861991 uy a 101 0 $aeng 135 $aur||||||||||| 181 $ctxt$2rdacontent 182 $cc$2rdamedia 183 $acr$2rdacarrier 200 00$aJournal of nursing quality assurance 210 $a[Frederick, MD] $cAspen Publishers 300 $aEach issue has also a distinctive title. 311 08$a0889-4647 606 $aNursing$xStandards$vPeriodicals 606 $aNursing audit$vPeriodicals 606 $aNursing Process$xstandards 606 $aQuality Assurance, Health Care 606 $aNursing audit$2fast$3(OCoLC)fst01041879 606 $aNursing$xStandards$2fast$3(OCoLC)fst01041831 606 $aAssurance qualite?$vPe?riodiques 606 $aSoins me?dicaux$xQualite?$xContro?le 608 $aPeriodical. 608 $aPeriodicals.$2fast 615 0$aNursing$xStandards 615 0$aNursing audit 615 2$aNursing Process$xstandards. 615 2$aQuality Assurance, Health Care. 615 7$aNursing audit. 615 7$aNursing$xStandards. 615 6$aAssurance qualite? 615 6$aSoins me?dicaux$xQualite?$xContro?le. 676 $a610 801 0$bPFM 801 1$bPFM 801 2$bPFM 801 2$bMYG 801 2$bOCLCE 801 2$bOCLCQ 801 2$bOCLCO 801 2$bDLC 801 2$bOCLCF 801 2$bOCLCQ 801 2$bAU@ 801 2$bOCLCO 801 2$bOCLCA 801 2$bBWN 801 2$bOCLCQ 801 2$bOCLCO 801 2$bOCLCL 801 2$bUAB 801 2$bSFB 801 2$bQE2 801 2$bUX0 801 2$bLIP 906 $aJOURNAL 912 $a9910763964103321 996 $aJournal of nursing quality assurance$93645040 997 $aUNINA